| 000 | 00669cam a2200253 4500 | ||
|---|---|---|---|
| 008 | 090401t1986 xxu||||| |||| 00| 0 eng d | ||
| 020 | _a0854063188 | ||
| 035 | _a(Sirsi) u43065 | ||
| 041 | _aeng | ||
| 050 | _a333.339 | ||
| 090 | _aRICS 1986/42 ABCDE | ||
| 110 |
_aRoyal Institution of Chartered Surveyors _94900 |
||
| 245 | _aMinerals valuation guidance note | ||
| 260 |
_aLondon _bSP _c1986 |
||
| 300 | _a10p. ; 30cm. | ||
| 350 | _a3.75 | ||
| 490 | _aMineral Surveyors Guidance Notes | ||
| 520 | _aWITHDRAWN FROM PUBLICATION 1996. | ||
| 650 | _aGUIDANCE NOTES | ||
| 650 | _aMINERAL VALUATION | ||
| 650 | _aRICS | ||
| 942 | _n0 | ||
| 948 | _c04/03/1997 | ||
| 999 |
_c91243 _d91243 |
||